000 00591nam a2200181Ia 4500
008 190427s9999 xx 000 0 und d
100 _aChoi Jae
245 4 _aThe effect of innovation characteristics on cloud computing Diffusion/
245 _cJae Choi, Derek L. Nazareth and Thomas L. Ngo-Ye.--
260 _bTaylor and Francis Group
260 _c2018
300 _apages 325-333, 2018
440 _aJournal of Computer Inforamation System
_v58(4)
650 _aAgent-based simulation
650 _aCloud Computing
650 _aComplexity Theory
650 _aGenetic Algorithm
999 _c361738
_d361738